[Event "Vladimir Dvorkovich Mem 2014"]
[Site "Taganrog RUS"]
[Date "2014.01.23"]
[Round "6.31"]
[White "Gunchenko, Vadim"]
[Black "Frolov, Andrey"]
[Result "0-1"]
[WhiteElo "2032"]
[BlackElo "2164"]
[PlyCount "70"]
[EventDate "2014.01.18"]
[EventType "swiss"]
[EventRounds "9"]
[EventCountry "RUS"]
[Source "Mark Crowther"]
[SourceDate "2014.01.27"]

1. d4 d5 2. Nf3 Nf6 3. c4 c6 4. Nc3 dxc4 5. g3 g6 6. Ne5 Be6 7. e4 Bg7 8. Bg2
Nfd7 9. Nxd7 Qxd7 10. Be3 O-O 11. Qd2 Na6 12. Ne2 c5 13. d5 Bh3 14. O-O Bxg2
15. Kxg2 Rfd8 16. Rac1 b5 17. a3 Qb7 18. Rfd1 Rd7 19. Qc2 Rad8 20. f3 e6 21.
dxe6 fxe6 22. Bg5 Rxd1 23. Rxd1 Rxd1 24. Qxd1 Bxb2 25. Qd6 Qc8 26. Nf4 Nc7 27.
Qxc5 Qd7 28. Qxa7 Be5 29. Qb8+ Kg7 30. Qa7 h6 31. Qc5 Bd6 32. Bf6+ Kxf6 33. e5+
Bxe5 34. Qf8+ Qf7 35. Qd8+ Kg7 0-1

[Event "Vladimir Dvorkovich Mem 2014"]
[Site "Taganrog RUS"]
[Date "2014.01.23"]
[Round "6.32"]
[White "Aivazian, Grigory"]
[Black "Dmitriev, Ig"]
[Result "0-1"]
[WhiteElo "1981"]
[BlackElo "2298"]
[PlyCount "76"]
[EventDate "2014.01.18"]
[EventType "swiss"]
[EventRounds "9"]
[EventCountry "RUS"]
[Source "Mark Crowther"]
[SourceDate "2014.01.27"]

1. e4 e6 2. d4 d5 3. Nd2 Nd7 4. e5 f6 5. Bd3 g6 6. exf6 Ngxf6 7. Ndf3 Bg7 8.
Ne2 O-O 9. O-O Nh5 10. Ng5 Qe7 11. f4 c5 12. c3 cxd4 13. Nxd4 e5 14. Nde6 exf4
15. Nxf8 Nxf8 16. Nf3 Bg4 17. Qe2 Ne6 18. Bd2 Qd6 19. Qf2 Nc5 20. Qe2 Qb6 21.
Kh1 Qxb2 22. Rab1 Qa3 23. Qe7 Bf6 24. Qc7 Rc8 25. Qd6 Rd8 26. Qc7 Nxd3 27. Rxb7
Rd7 28. Rb8+ Kg7 29. Qc8 Qc5 30. Qg8+ Kh6 31. Nd4 Rg7 32. Qe8 Bxd4 33. cxd4 Qe7
34. Qxe7 Rxe7 35. g3 Bh3 36. Rfb1 Re2 37. Bxf4+ Nhxf4 38. gxf4 Nxf4 0-1

[Event "Vladimir Dvorkovich Mem 2014"]
[Site "Taganrog RUS"]
[Date "2014.01.23"]
[Round "6.33"]
[White "Becker, Max"]
[Black "Zhdanov, P."]
[Result "0-1"]
[WhiteElo "2211"]
[BlackElo "2010"]
[PlyCount "82"]
[EventDate "2014.01.18"]
[EventType "swiss"]
[EventRounds "9"]
[EventCountry "RUS"]
[Source "Mark Crowther"]
[SourceDate "2014.01.27"]

1. c4 c5 2. Nc3 Nf6 3. g3 d5 4. cxd5 Nxd5 5. Bg2 Nxc3 6. bxc3 Nc6 7. Nf3 g6 8.
O-O Bg7 9. Rb1 O-O 10. Qc2 e5 11. d3 Qc7 12. Qa4 Bd7 13. Qh4 h5 14. h3 Rfe8 15.
g4 hxg4 16. Ng5 gxh3 17. Bd5 Nd8 18. f4 Bc6 19. Bb3 e4 20. d4 b5 21. Be3 c4 22.
Bc2 Qa5 23. Qh7+ Kf8 24. Qxh3 Qxc3 25. d5 Bd4 26. Bxd4 Qxd4+ 27. e3 Qxd5 28.
Rbd1 Qf5 29. Qh8+ Ke7 30. Qd4 Nb7 31. Qb2 Rad8 32. Qa3+ Qc5 33. Qc3 b4 34. Qg7
Qxe3+ 35. Kg2 Rd2+ 36. Kh1 Nd6 37. Rfe1 Rxd1 38. Rxd1 Qxf4 39. Rxd6 Qxd6 40.
Qxf7+ Kd8 41. Qh7 e3+ 0-1

[Event "Vladimir Dvorkovich Mem 2014"]
[Site "Taganrog RUS"]
[Date "2014.01.23"]
[Round "6.34"]
[White "Bykova, Anastasia"]
[Black "Yakimenko, Viktoria"]
[Result "1/2-1/2"]
[WhiteElo "2097"]
[BlackElo "1935"]
[PlyCount "104"]
[EventDate "2014.01.18"]
[EventType "swiss"]
[EventRounds "9"]
[EventCountry "RUS"]
[Source "Mark Crowther"]
[SourceDate "2014.01.27"]

1. d4 Nf6 2. Nf3 g6 3. Bf4 Bg7 4. e3 d6 5. h3 O-O 6. Be2 b6 7. O-O Bb7 8. c3
Nbd7 9. Nbd2 Re8 10. Bh2 e5 11. Qc2 Qe7 12. Rfd1 a6 13. Bf1 h6 14. a4 Nh7 15.
dxe5 dxe5 16. Bc4 Nhf8 17. e4 Ne6 18. Re1 Qf6 19. Nf1 Nf4 20. N3d2 Qg5 21. Bg3
Nh5 22. Re3 Nf8 23. Nf3 Qe7 24. Bh4 Nf6 25. Ree1 Qc5 26. N3d2 b5 27. axb5 axb5
28. Rxa8 Bxa8 29. Bb3 Nh5 30. Ne3 Ne6 31. f3 c6 32. Bf2 Qe7 33. Bxe6 Qxe6 34.
Nb3 Bf8 35. Nf1 Nf4 36. Nc5 Qc8 37. Nd2 Qc7 38. Ndb3 Bb7 39. Rd1 Bc8 40. Nd3
Nxd3 41. Qxd3 Be6 42. Nc5 Qa5 43. Nd7 Bxd7 44. Qxd7 Qa8 45. Kh2 Qc8 46. Qa7 Re7
47. Qb6 Rd7 48. Ra1 Rb7 49. Qa5 Rd7 50. Qa8 Rd8 51. Qa6 Qxa6 52. Rxa6 Rc8
1/2-1/2

[Event "Vladimir Dvorkovich Mem 2014"]
[Site "Taganrog RUS"]
[Date "2014.01.23"]
[Round "6.35"]
[White "Dida, Igor"]
[Black "Hudyakov, S."]
[Result "0-1"]
[WhiteElo "1956"]
[BlackElo "2094"]
[PlyCount "115"]
[EventDate "2014.01.18"]
[EventType "swiss"]
[EventRounds "9"]
[EventCountry "RUS"]
[Source "Mark Crowther"]
[SourceDate "2014.01.27"]

1. c4 e5 2. g3 Nc6 3. Bg2 g6 4. Nc3 Bg7 5. e4 Nge7 6. Nge2 O-O 7. O-O d6 8. d3
Be6 9. b4 Qc8 10. b5 Nb8 11. a4 Nd7 12. Nd5 Qd8 13. Ba3 Nc5 14. Nxe7+ Qxe7 15.
Rb1 Rab8 16. Bxc5 dxc5 17. Nc3 Rfd8 18. Qc2 Kh8 19. a5 Qd6 20. Rfd1 Bg4 21. f3
Be6 22. Qf2 Bh6 23. Bf1 Qd4 24. Qxd4 cxd4 25. Na4 Kg8 26. Kg2 f6 27. Be2 Rf8
28. Nc5 Bc8 29. b6 cxb6 30. axb6 a6 31. Nb3 Bd7 32. Ra1 Rf7 33. Ra2 Bf8 34. Rb1
Bd6 35. Bd1 Kg7 36. Nd2 Rc8 37. Ba4 Bc6 38. Nb3 f5 39. Bxc6 Rxc6 40. Ra5 Kf6
41. c5 Bf8 42. Rc1 Rd7 43. Ra2 Rc8 44. Rac2 Rb8 45. Na5 Ke6 46. exf5+ gxf5 47.
Re1 Kd5 48. Nb3 Rc8 49. Rce2 Re7 50. h3 Re6 51. Na5 Bxc5 52. Nc4 Rce8 53. Rb2
e4 54. fxe4+ fxe4 55. Na5 exd3 56. Rxe6 Rxe6 57. Kf3 Rxb6 58. Ra2 0-1

[Event "Vladimir Dvorkovich Mem 2014"]
[Site "Taganrog RUS"]
[Date "2014.01.23"]
[Round "6.36"]
[White "Bykov, Egor"]
[Black "Sobolevskiy, Anton"]
[Result "1-0"]
[WhiteElo "2089"]
[BlackElo "1773"]
[PlyCount "65"]
[EventDate "2014.01.18"]
[EventType "swiss"]
[EventRounds "9"]
[EventCountry "RUS"]
[Source "Mark Crowther"]
[SourceDate "2014.01.27"]

1. d4 f5 2. Nf3 Nf6 3. g3 e6 4. Bg2 d5 5. c4 c6 6. O-O Bd6 7. b3 O-O 8. Ba3
Bxa3 9. Nxa3 Nbd7 10. Nb1 Ne4 11. Ne1 Ndf6 12. f3 Nd6 13. Nd2 Bd7 14. Qc2 Qe8
15. Nd3 Qh5 16. Rae1 Qh6 17. e3 g5 18. Nc5 Rad8 19. e4 fxe4 20. fxe4 Ng4 21. h3
Ne3 22. Rxf8+ Rxf8 23. Rxe3 g4 24. Re2 gxh3 25. Bf3 h2+ 26. Kh1 Be8 27. exd5
Nf5 28. Rxh2 Qg6 29. Nf1 Nxg3+ 30. Nxg3 Rxf3 31. Qxg6+ Bxg6 32. d6 Be8 33. Nge4
1-0

[Event "Vladimir Dvorkovich Mem 2014"]
[Site "Taganrog RUS"]
[Date "2014.01.23"]
[Round "6.37"]
[White "Potemkin, Evgeny"]
[Black "Sipetin, Vladislav"]
[Result "1-0"]
[WhiteElo "1841"]
[BlackElo "2069"]
[PlyCount "93"]
[EventDate "2014.01.18"]
[EventType "swiss"]
[EventRounds "9"]
[EventCountry "RUS"]
[Source "Mark Crowther"]
[SourceDate "2014.01.27"]

1. e4 e6 2. d4 d5 3. e5 c5 4. c3 Nc6 5. Nf3 Qb6 6. Be2 cxd4 7. cxd4 Nh6 8. Nc3
Nf5 9. Bb5 Bd7 10. Bxc6 bxc6 11. O-O Bb4 12. g4 Ne7 13. Na4 Qc7 14. a3 Ba5 15.
Qd3 Bb6 16. Be3 f6 17. Rac1 Ng6 18. Nxb6 axb6 19. exf6 gxf6 20. Qd2 Qd6 21. g5
e5 22. gxf6 Bh3 23. f7+ Ke7 24. Nxe5 Nxe5 25. dxe5 Qxe5 26. Bf4 Qg7+ 27. Bg3
Bxf1 28. Kxf1 Qf6 29. Qb4+ c5 30. Qe1+ Qe6 31. Qd1 Qh3+ 32. Kg1 Qf5 33. Qb3 Qe6
34. Qf3 Raf8 35. Qc3 d4 36. Qd2 Qxf7 37. Qh6 Qe6 38. Qd2 Kd7 39. Re1 Qf5 40.
Re5 Qf7 41. Qd3 Kc6 42. a4 Qf3 43. Qb5+ Kd6 44. Qxb6+ Kd7 45. Qe6+ Kd8 46. Rd5+
Qxd5 47. Qxd5+ 1-0

[Event "Vladimir Dvorkovich Mem 2014"]
[Site "Taganrog RUS"]
[Date "2014.01.23"]
[Round "6.39"]
[White "Krivochkin, Ilya"]
[Black "Babkin, Anatoliy"]
[Result "1/2-1/2"]
[WhiteElo "1936"]
[BlackElo "1836"]
[PlyCount "80"]
[EventDate "2014.01.18"]
[EventType "swiss"]
[EventRounds "9"]
[EventCountry "RUS"]
[Source "Mark Crowther"]
[SourceDate "2014.01.27"]

1. e4 e6 2. d4 d5 3. Nc3 dxe4 4. Nxe4 Nf6 5. Nxf6+ Qxf6 6. Nf3 h6 7. Bd3 Nd7 8.
Be3 c5 9. O-O Be7 10. dxc5 Bxc5 11. Bb5 Bxe3 12. fxe3 a6 13. Bxd7+ Bxd7 14. Qd6
Qe7 15. Rad1 Qxd6 16. Rxd6 Ke7 17. Rfd1 Rhd8 18. Ne5 Be8 19. Rxd8 Rxd8 20. Rxd8
Kxd8 21. Kf2 f6 22. Nd3 Ke7 23. Ke2 Bb5 24. Kd2 Bxd3 25. Kxd3 Kd6 26. c4 Kc5
27. Kc3 a5 28. b3 g5 29. a3 f5 30. b4+ axb4+ 31. axb4+ Kd6 32. Kd3 e5 33. g3 g4
34. Kd2 h5 35. Ke2 b6 36. Kd2 Kc6 37. Kd3 Kd6 38. Ke2 Ke6 39. Kf2 Kd6 40. Ke2
Kc6 1/2-1/2

[Event "Vladimir Dvorkovich Mem 2014"]
[Site "Taganrog RUS"]
[Date "2014.01.24"]
[Round "7.2"]
[White "Smirnov, P."]
[Black "Kryakvin, D."]
[Result "1/2-1/2"]
[WhiteElo "2630"]
[BlackElo "2588"]
[PlyCount "176"]
[EventDate "2014.01.18"]
[EventType "swiss"]
[EventRounds "9"]
[EventCountry "RUS"]
[Source "Mark Crowther"]
[SourceDate "2014.01.27"]

1. d4 Nf6 2. c4 d6 3. Nf3 g6 4. Nc3 Bf5 5. Nh4 Bd7 6. e4 e5 7. Nf3 exd4 8. Nxd4
Bg7 9. Be2 O-O 10. O-O Nc6 11. Be3 Re8 12. f3 Nh5 13. Nc2 Be5 14. Nd5 Ne7 15.
f4 Bxb2 16. Rb1 Nxd5 17. cxd5 Bg7 18. Bxh5 gxh5 19. f5 Rxe4 20. f6 Bxf6 21. Qf3
Qe7 22. Qxf6 Qxf6 23. Rxf6 Ba4 24. Rxb7 Rc8 25. Bh6 Bxc2 26. Rf3 Rc4 27. Rxa7
h4 28. Rf4 Rxf4 29. Bxf4 Be4 30. Ra5 f6 31. a4 Kf7 32. Kf2 Ke7 33. Rb5 Kd7 34.
a5 Ra8 35. Bd2 f5 36. g3 h3 37. Bc3 Bd3 38. Rb2 Re8 39. Rd2 Bc4 40. Kf3 Rb8 41.
Rd4 Bf1 42. Kf4 Rb3 43. Bd2 Be2 44. Kxf5 h5 45. Kg5 Bg4 46. Kh4 Ra3 47. Bb4 Ra1
48. Bc3 Ra2 49. Rd2 Ra3 50. Bb4 Rb3 51. Rd4 Rb2 52. Bd2 Kc8 53. Kg5 Ra2 54. Kf6
Ra3 55. Bb4 Rxg3 56. Bd2 Rg2 57. Bf4 Be2 58. Re4 Bf3 59. Re8+ Kd7 60. Re7+ Kd8
61. Rh7 Bxd5 62. Rxh5 Rf2 63. Kf5 Bg2 64. Rh7 Bf1 65. Ke4 Ra2 66. Rh5 Ra4+ 67.
Ke3 Kd7 68. Bg3 Ra3+ 69. Kd2 Kc6 70. Kc2 Bg2 71. Kb2 Rd3 72. Kc2 Rf3 73. Kb2
Kb7 74. Rh7 Ka6 75. Rh5 Re3 76. Rg5 Bf3 77. Rg7 Bd5 78. Rg5 Be6 79. Rg7 Bf5 80.
Rg5 Rf3 81. Be1 c5 82. Rg8 Re3 83. Bg3 Re2+ 84. Kc1 d5 85. Ra8+ Kb5 86. a6 Kc4
87. Rf8 Be4 88. a7 d4 1/2-1/2

[Event "Vladimir Dvorkovich Mem 2014"]
[Site "Taganrog RUS"]
[Date "2014.01.24"]
[Round "7.3"]
[White "Volkov, Sergey1"]
[Black "Stukopin, A."]
[Result "0-1"]
[WhiteElo "2623"]
[BlackElo "2523"]
[PlyCount "142"]
[EventDate "2014.01.18"]
[EventType "swiss"]
[EventRounds "9"]
[EventCountry "RUS"]
[Source "Mark Crowther"]
[SourceDate "2014.01.27"]

1. d4 Nf6 2. c4 e6 3. Nf3 d5 4. Nc3 dxc4 5. e4 Bb4 6. e5 Nd5 7. Bd2 Nb6 8. Be2
Nc6 9. Be3 Bd7 10. O-O Bxc3 11. bxc3 Ne7 12. a4 a5 13. Bg5 Bc6 14. Nd2 Bd5 15.
f4 Qd7 16. Bxe7 Qxe7 17. Bf3 Qd7 18. Bxd5 exd5 19. f5 O-O-O 20. Qc2 Kb8 21. Nf3
f6 22. g4 Nc8 23. Kh1 Rdf8 24. Rf2 Ne7 25. Re1 Ka8 26. Rfe2 Nc8 27. Nh4 Re8 28.
Ng2 h5 29. gxh5 fxe5 30. Rxe5 Rxe5 31. Rxe5 Rxh5 32. Nf4 Rh4 33. Qf2 Rh6 34.
Nxd5 Kb8 35. Qg3 Nd6 36. Ne7 Qxa4 37. Qxg7 Qd1+ 38. Qg1 Qf3+ 39. Qg2 Qd1+ 40.
Qg1 Qf3+ 41. Qg2 Qxc3 42. Qf2 Rh3 43. Nd5 Rf3 44. Nxc3 Rxf2 45. Rxa5 b5 46.
Nxb5 Rxf5 47. Nxd6 Rxa5 48. Nxc4 Rd5 49. Ne5 c5 50. Kg2 cxd4 51. Nd3 Rf5 52.
Kg3 Kc7 53. Kg4 Rf1 54. h4 Kd6 55. h5 Ke6 56. Kg5 Rf3 57. Ne1 Re3 58. Nc2 Re5+
59. Kg4 d3 60. Nd4+ Kf6 61. Nb3 Rb5 62. Nd2 Rb2 63. Ne4+ Ke5 64. Nc5 Rg2+ 65.
Kf3 d2 66. Nd3+ Kd4 67. Nb2 Rh2 68. Kg4 Rh1 69. Kg5 Rb1 70. h6 Rxb2 71. h7 Rb8
0-1

[Event "Vladimir Dvorkovich Mem 2014"]
[Site "Taganrog RUS"]
[Date "2014.01.24"]
[Round "7.4"]
[White "Bukavshin, I."]
[Black "Maletin, P."]
[Result "1/2-1/2"]
[WhiteElo "2578"]
[BlackElo "2598"]
[PlyCount "81"]
[EventDate "2014.01.18"]
[EventType "swiss"]
[EventRounds "9"]
[EventCountry "RUS"]
[Source "Mark Crowther"]
[SourceDate "2014.01.27"]

1. e4 e5 2. Nf3 Nc6 3. Bc4 Bc5 4. c3 Nf6 5. d4 exd4 6. e5 d5 7. Be2 Ne4 8. cxd4
Bb4+ 9. Bd2 Nxd2 10. Nbxd2 O-O 11. O-O f6 12. Rc1 fxe5 13. dxe5 Ba5 14. Nb3 Bb6
15. Nc5 Kh8 16. Re1 Ba5 17. Rf1 Bb6 18. Re1 Ne7 19. b4 Ng6 20. g3 c6 21. Qd2 a5
22. a3 axb4 23. axb4 Ra3 24. Rc3 Rxc3 25. Qxc3 d4 26. Qxd4 Qxd4 27. Nxd4 Nxe5
28. Kg2 Nd7 29. Ndb3 Re8 30. Nxd7 Bxd7 31. Rd1 Bf5 32. Rd2 Rd8 33. Rb2 Be4+ 34.
Bf3 Bxf3+ 35. Kxf3 Rd5 36. Nc5 Bxc5 37. bxc5 Rxc5 38. Rxb7 Kg8 39. h4 Rf5+ 40.
Ke3 h5 41. Ke4 1/2-1/2

[Event "Vladimir Dvorkovich Mem 2014"]
[Site "Taganrog RUS"]
[Date "2014.01.24"]
[Round "7.5"]
[White "Shomoev, A."]
[Black "Grigoriants, S RUS."]
[Result "1-0"]
[WhiteElo "2560"]
[BlackElo "2581"]
[PlyCount "80"]
[EventDate "2014.01.18"]
[EventType "swiss"]
[EventRounds "9"]
[EventCountry "RUS"]
[Source "Mark Crowther"]
[SourceDate "2014.01.27"]

1. e4 c5 2. Nf3 e6 3. d4 cxd4 4. Nxd4 Nc6 5. Nc3 Qc7 6. Be3 a6 7. Qd2 Nf6 8. f4
Bb4 9. Bd3 Na5 10. a3 Bxc3 11. Qxc3 Qxc3+ 12. bxc3 d6 13. Nb3 Nc6 14. O-O-O b5
15. Rhe1 Bb7 16. Bb6 Rc8 17. c4 bxc4 18. Bxc4 Ke7 19. e5 dxe5 20. Nc5 Nb8 21.
Bxe6 fxe6 22. Nxb7 Nfd7 23. Bf2 exf4 24. Bh4+ Nf6 25. Rd6 Kf7 26. Bxf6 gxf6 27.
Rdxe6 Rc6 28. Nd6+ Kg6 29. Rf1 Nd7 30. Rxf4 h5 31. Rf3 h4 32. Rf4 Rf8 33. Rxh4
Nc5 34. Rh6+ Kxh6 35. Nf5+ Kg5 36. Rxc6 Kxf5 37. Rxc5+ Ke4 38. Ra5 Rh8 39. h3
f5 40. Rxa6 Kd5 1-0

[Event "Vladimir Dvorkovich Mem 2014"]
[Site "Taganrog RUS"]
[Date "2014.01.24"]
[Round "7.7"]
[White "Sjugirov, S."]
[Black "Guseva, Marina"]
[Result "1-0"]
[WhiteElo "2651"]
[BlackElo "2388"]
[PlyCount "91"]
[EventDate "2014.01.18"]
[EventType "swiss"]
[EventRounds "9"]
[EventCountry "RUS"]
[Source "Mark Crowther"]
[SourceDate "2014.01.27"]

1. Nf3 d5 2. d4 Nf6 3. c4 c6 4. g3 dxc4 5. Bg2 Bg4 6. Ne5 Bh5 7. Na3 Nbd7 8.
Naxc4 Nxe5 9. Nxe5 Nd7 10. Nd3 e6 11. Nf4 Bb4+ 12. Bd2 Bxd2+ 13. Qxd2 Bg6 14.
h4 e5 15. Nxg6 hxg6 16. d5 c5 17. d6 Rb8 18. b4 O-O 19. O-O Re8 20. Rac1 b6 21.
Rfd1 e4 22. Qf4 Qf6 23. Bh3 Qxf4 24. gxf4 f5 25. h5 Re6 26. bxc5 Nxc5 27. Rd5
Rd8 28. Rcd1 gxh5 29. Bxf5 Rf6 30. e3 g6 31. Bh3 Kf7 32. R1d4 Kg7 33. Kg2 Rff8
34. Kg3 Rf6 35. f3 exf3 36. Kxf3 Kf7 37. Rd1 Nb7 38. d7 Ke7 39. Re5+ Kf7 40.
Kg3 Rd6 41. Rxd6 Nxd6 42. Kh4 b5 43. Rd5 Nc4 44. e4 a6 45. Kg5 Kg7 46. e5 1-0

[Event "Vladimir Dvorkovich Mem 2014"]
[Site "Taganrog RUS"]
[Date "2014.01.25"]
[Round "8.1"]
[White "Khismatullin, D."]
[Black "Stukopin, A."]
[Result "1-0"]
[WhiteElo "2674"]
[BlackElo "2523"]
[PlyCount "83"]
[EventDate "2014.01.18"]
[EventType "swiss"]
[EventRounds "9"]
[EventCountry "RUS"]
[Source "Mark Crowther"]
[SourceDate "2014.01.27"]

1. c4 e5 2. Nc3 Nf6 3. Nf3 Nc6 4. g3 Nd4 5. Bg2 Nxf3+ 6. Bxf3 Bb4 7. Qb3 Bc5 8.
O-O O-O 9. Na4 Bd6 10. Rd1 Re8 11. d4 exd4 12. Rxd4 Be5 13. Rd1 d6 14. Bg2 Nd7
15. Be3 Nb6 16. Nc5 Qf6 17. Nxb7 Bxb7 18. Bxb7 Rab8 19. Bc6 Nd5 20. Rxd5 Rxb3
21. axb3 Rb8 22. Rxa7 h5 23. Rb5 Rxb5 24. cxb5 d5 25. Bxd5 Bd4 26. Rxc7 Bxe3
27. fxe3 Qe5 28. Rc8+ Kh7 29. Bxf7 Qxe3+ 30. Kf1 Qe4 31. Bg8+ Kh6 32. Rc6+ g6
33. Bc4 Qh1+ 34. Kf2 Qxh2+ 35. Kf3 Qh1+ 36. Kf4 Qf1+ 37. Ke5 Qf5+ 38. Kd6 Qf6+
39. Kd7 Qd4+ 40. Kc8 Qg4+ 41. Re6 Qxg3 42. b6 1-0

[Event "Vladimir Dvorkovich Mem 2014"]
[Site "Taganrog RUS"]
[Date "2014.01.25"]
[Round "8.4"]
[White "Kryakvin, D."]
[Black "Sjugirov, S."]
[Result "1/2-1/2"]
[WhiteElo "2588"]
[BlackElo "2651"]
[PlyCount "98"]
[EventDate "2014.01.18"]
[EventType "swiss"]
[EventRounds "9"]
[EventCountry "RUS"]
[Source "Mark Crowther"]
[SourceDate "2014.01.27"]

1. d4 d5 2. c4 c6 3. Nf3 Nf6 4. Nc3 dxc4 5. a4 Bf5 6. e3 e6 7. Bxc4 Bb4 8. O-O
Nbd7 9. Qe2 O-O 10. e4 Bg6 11. Bd3 Bh5 12. e5 Nd5 13. Nxd5 cxd5 14. Qe3 Be7 15.
Ng5 Bxg5 16. Qxg5 Bg6 17. Be2 Nb8 18. Qxd8 Rxd8 19. Be3 Nc6 20. a5 a6 21. Rfc1
Rdc8 22. Rc3 Nb4 23. Rb3 Nc2 24. Rc1 Rc7 25. Bd1 Rac8 26. Bxc2 Bxc2 27. Rb6 Ba4
28. Rc5 Rxc5 29. dxc5 Bc6 30. Bd4 Rf8 31. Rb3 f5 32. h4 Bb5 33. Kh2 Kf7 34. Kg3
Rc8 35. Kf4 Ra8 36. Ke3 Rc8 37. Kd2 Bc6 38. Rb4 Rd8 39. Kc3 Ke7 40. Rb3 Kf7 41.
Kd2 Rc8 42. Rg3 Rf8 43. h5 Rg8 44. Be3 d4 45. Bxd4 g5 46. hxg6+ Rxg6 47. Rh3
Rg4 48. Kc3 Kg6 49. g3 h5 1/2-1/2

[Event "Vladimir Dvorkovich Mem 2014"]
[Site "Taganrog RUS"]
[Date "2014.01.25"]
[Round "8.5"]
[White "Bukavshin, I."]
[Black "Smirnov, P."]
[Result "1/2-1/2"]
[WhiteElo "2578"]
[BlackElo "2630"]
[PlyCount "80"]
[EventDate "2014.01.18"]
[EventType "swiss"]
[EventRounds "9"]
[EventCountry "RUS"]
[Source "Mark Crowther"]
[SourceDate "2014.01.27"]

1. d4 d5 2. c4 e6 3. Nc3 c6 4. Nf3 Nf6 5. Bg5 dxc4 6. e4 b5 7. e5 h6 8. Bh4 g5
9. Nxg5 hxg5 10. Bxg5 Be7 11. exf6 Bxf6 12. Be3 Bb7 13. Qf3 Nd7 14. Be2 Qc7 15.
Bf4 Qb6 16. Ne4 Be7 17. Rd1 c5 18. dxc5 Bxc5 19. Qc3 O-O-O 20. Rd6 Qc7 21. Nxc5
Qxc5 22. Qe3 Qxe3 23. fxe3 Bxg2 24. Rg1 Be4 25. Rg7 Rdf8 26. Rd4 Bg6 27. Rd6
Nf6 28. Rc6+ Kd8 29. Be5 Nd5 30. Rxg6 fxg6 31. Bxh8 Rxh8 32. Rxe6 Kc7 33. a4
bxa4 34. Bxc4 Nb4 35. Rxg6 Rxh2 36. Be2 Rh1+ 37. Kd2 Rb1 38. Rg7+ Kb6 39. Rg6+
Kc7 40. Rg7+ Kb6 1/2-1/2

[Event "Vladimir Dvorkovich Mem 2014"]
[Site "Taganrog RUS"]
[Date "2014.01.25"]
[Round "8.6"]
[White "Yuffa, D."]
[Black "Kokarev, Dm"]
[Result "1/2-1/2"]
[WhiteElo "2373"]
[BlackElo "2625"]
[PlyCount "182"]
[EventDate "2014.01.18"]
[EventType "swiss"]
[EventRounds "9"]
[EventCountry "RUS"]
[Source "Mark Crowther"]
[SourceDate "2014.01.27"]

1. d4 g6 2. c4 Bg7 3. g3 c5 4. d5 Nf6 5. Nc3 O-O 6. Bg2 d6 7. Nf3 e6 8. O-O
exd5 9. cxd5 Nbd7 10. a4 Qe7 11. Bf4 Ng4 12. Bg5 f6 13. Bd2 Nge5 14. Qb3 f5 15.
Ng5 c4 16. Qb4 Nc5 17. Rad1 a5 18. Qa3 h6 19. Ne6 Nxe6 20. dxe6 Bxe6 21. Nd5
Bxd5 22. Bxd5+ Kh7 23. Bc3 f4 24. Bg2 Ra6 25. Rd5 f3 26. exf3 Nxf3+ 27. Kh1 Ne5
28. Re1 Qc7 29. Bxe5 dxe5 30. Rexe5 Rf7 31. Re1 Rb6 32. Rc5 Qd6 33. Rxc4 Qd2
34. Qe3 Qxf2 35. Qxf2 Rxf2 36. Rf1 Rxf1+ 37. Bxf1 Rxb2 38. Bd3 b5 39. axb5 Rxb5
40. Rc6 Rg5 41. Kg2 h5 42. h4 Rg4 43. Rc5 Rd4 44. Rxh5+ Bh6 45. Bxg6+ Kxg6 46.
Rxa5 Bg7 47. Rg5+ Kf7 48. Kh3 Rd3 49. Rg4 Bf6 50. Rf4 Ke6 51. Rg4 Be5 52. Rg5
Ra3 53. Kg2 Bf6 54. Rg4 Kd5 55. Kh3 Be5 56. Kg2 Bd4 57. Kh3 Ra1 58. Rf4 Kc4 59.
Kg4 Rh1 60. Kf5 Kd3 61. Kg6 Rh3 62. Rg4 Bf2 63. h5 Be3 64. Rh4 Rxg3+ 65. Kh7
Rg1 66. h6 Bg5 67. Rh5 Ke4 68. Kg6 Bd2+ 69. Kf7 Bc3 70. h7 Bh8 71. Kf8 Rg7 72.
Rh1 Ra7 73. Kg8 Ra8+ 74. Kf7 Bc3 75. Rh4+ Kf5 76. Rh5+ Kg4 77. Rc5 Bh8 78. Kg6
Kf4 79. Rf5+ Ke4 80. Rb5 Rf8 81. Ra5 Rf6+ 82. Kg5 Rf7 83. Kg6 Rg7+ 84. Kh6 Rg1
85. Ra4+ Kd3 86. Ra3+ Kc4 87. Ra4+ Kb5 88. Ra8 Bg7+ 89. Kh5 Be5 90. Rc8 Kb6 91.
Rc2 Rh1+ 1/2-1/2

[Event "Vladimir Dvorkovich Mem 2014"]
[Site "Taganrog RUS"]
[Date "2014.01.25"]
[Round "8.7"]
[White "Papin, V."]
[Black "Volkov, Sergey1"]
[Result "1/2-1/2"]
[WhiteElo "2510"]
[BlackElo "2623"]
[PlyCount "46"]
[EventDate "2014.01.18"]
[EventType "swiss"]
[EventRounds "9"]
[EventCountry "RUS"]
[Source "Mark Crowther"]
[SourceDate "2014.01.27"]

1. c4 e5 2. d3 g6 3. Nc3 Bg7 4. g3 Nf6 5. Bg2 O-O 6. e4 d6 7. Nge2 Be6 8. O-O
Qd7 9. b3 c6 10. d4 exd4 11. Nxd4 Bh3 12. f3 Bxg2 13. Kxg2 Re8 14. Re1 Na6 15.
Bb2 Nc5 16. Qd2 a5 17. Rad1 Qc7 18. Nc2 Qb6 19. Qf2 Re6 20. Nd4 Re7 21. Nc2 Re6
22. Nd4 Ree8 23. Nc2 Re6 1/2-1/2

[Event "Vladimir Dvorkovich Mem 2014"]
[Site "Taganrog RUS"]
[Date "2014.01.26"]
[Round "8.8"]
[White "Demchenko, A."]
[Black "Lugovskoy, M."]
[Result "1/2-1/2"]
[WhiteElo "2617"]
[BlackElo "2386"]
[PlyCount "99"]
[EventDate "2014.01.18"]
[EventType "swiss"]
[EventRounds "9"]
[EventCountry "RUS"]
[Source "Mark Crowther"]
[SourceDate "2014.01.27"]

1. Nf3 d5 2. g3 Nf6 3. Bg2 e6 4. O-O Be7 5. d3 c5 6. Nbd2 Nc6 7. e4 dxe4 8.
dxe4 e5 9. c3 O-O 10. Qe2 b6 11. Rd1 Qc7 12. Nf1 Be6 13. Ng5 Bg4 14. f3 Bd7 15.
Ne3 h6 16. Nh3 Rad8 17. Nf2 Be6 18. Bd2 b5 19. Qxb5 Rb8 20. Qa4 Rxb2 21. Bc1
Rbb8 22. Nd5 Bxd5 23. exd5 Nd8 24. c4 Nd7 25. f4 Rb4 26. Qc2 Nb6 27. Bf1 exf4
28. a3 Ra4 29. Bxf4 Bd6 30. Bxd6 Qxd6 31. Ne4 Qe7 32. Re1 Qc7 33. g4 Nb7 34. g5
Qf4 35. gxh6 Qxh6 36. Kh1 Ra6 37. Qb3 f5 38. Ng3 Nd6 39. Re6 Qf4 40. Rae1 Nbxc4
41. Bxc4 Rb6 42. Rf1 Qxc4 43. Qxc4 Nxc4 44. Nxf5 Kh7 45. Rf4 Rb1+ 46. Kg2 Rb2+
47. Kh3 Rb3+ 48. Kg4 Nb6 49. Ne7 Rxf4+ 50. Kxf4 1/2-1/2

[Event "Vladimir Dvorkovich Mem 2014"]
[Site "Taganrog RUS"]
[Date "2014.01.26"]
[Round "8.9"]
[White "Kharchenko, B."]
[Black "Rakhmanov, Ale"]
[Result "1/2-1/2"]
[WhiteElo "2494"]
[BlackElo "2606"]
[PlyCount "81"]
[EventDate "2014.01.18"]
[EventType "swiss"]
[EventRounds "9"]
[EventCountry "RUS"]
[Source "Mark Crowther"]
[SourceDate "2014.01.27"]

1. e4 g6 2. d4 Bg7 3. Nc3 c5 4. Be3 Qa5 5. Nf3 Nf6 6. Qd2 cxd4 7. Nxd4 Nc6 8.
Nb3 Qc7 9. Be2 d6 10. Bh6 Bxh6 11. Qxh6 Be6 12. O-O a6 13. Rad1 Ne5 14. Nd4 Qb6
15. Nxe6 fxe6 16. Qh3 Ned7 17. Qxe6 Qxb2 18. Nd5 Nxd5 19. Qxd5 Nf6 20. Qe6 Qe5
21. Qb3 b5 22. c4 bxc4 23. Bxc4 Kf8 24. Bd5 Rc8 25. Qb7 Rc2 26. f4 Qb2 27. e5
Nxd5 28. Qxd5 Qxa2 29. Qf3 Kg7 30. f5 Rf8 31. f6+ exf6 32. exf6+ Kg8 33. Rxd6
Rc7 34. h4 Qc4 35. Qg3 a5 36. Rf3 Qc5+ 37. Kh2 a4 38. Re6 Rcf7 39. Ra6 a3 40.
Raxa3 Rxf6 41. Rxf6 1/2-1/2

[Event "Vladimir Dvorkovich Mem 2014"]
[Site "Taganrog RUS"]
[Date "2014.01.26"]
[Round "8.10"]
[White "Onischuk, V."]
[Black "Yuzhakov, O."]
[Result "1/2-1/2"]
[WhiteElo "2594"]
[BlackElo "2345"]
[PlyCount "79"]
[EventDate "2014.01.18"]
[EventType "swiss"]
[EventRounds "9"]
[EventCountry "RUS"]
[Source "Mark Crowther"]
[SourceDate "2014.01.27"]

1. e4 e6 2. d4 d5 3. Bd3 dxe4 4. Bxe4 Nf6 5. Bf3 c5 6. Ne2 cxd4 7. Qxd4 Nc6 8.
Qxd8+ Nxd8 9. Nbc3 Bd7 10. Nd4 Bb4 11. Bd2 O-O 12. O-O-O e5 13. Nb3 Bc6 14.
Bxc6 Nxc6 15. a3 Be7 16. Bg5 Rfd8 17. Bxf6 Bxf6 18. Nd5 Bg5+ 19. Kb1 h5 20. h4
Bh6 21. c4 b6 22. f3 f5 23. Rhg1 Kh7 24. g4 hxg4 25. fxg4 fxg4 26. Rxg4 Rab8
27. Ka2 a5 28. h5 a4 29. Nd2 b5 30. Ne4 bxc4 31. Nec3 Nd4 32. Re1 Nf3 33. Re2
Rbc8 34. Rf2 Nd4 35. Rf7 Rf8 36. Ra7 Rf1 37. Rg6 Rcf8 38. Ne4 Kh8 39. Rxa4 Nb3
40. Rxc4 1/2-1/2